000 00567cam a22002053a 4500
001 44843
003 PGUSA
005 20140828084026.0
008 140208s2014||||xxu|||||s|||||000 | eng d
040 _aPGUSA
_beng
042 _adc
100 1 _aArnott, Samuel,
_d1852-1930
245 1 4 _aThe Book of Bulbs
_h[electronic resource] /
_cSamuel Arnott
260 _bProject Gutenberg,
_c2014
506 _aPublic domain in the USA.
516 _aElectronic text
830 0 _aProject Gutenberg
_v44843
856 4 0 _uhttp://www.gutenberg.org/ebooks/44843
942 _cEB
999 _c274094
_d274094